LIBRARY ONLINE CATALOGUE

Security and the networked society/ (Record no. 19862)

MARC details
000 -LEADER
fixed length control field 00450nam a22001457a 4500
008 - FIXED-LENGTH DATA ELEMENTS--GENERAL INFORMATION
fixed length control field 230124b |||||||| |||| 00| 0 eng d
020 ## - INTERNATIONAL STANDARD BOOK NUMBER
International Standard Book Number 3319023892
050 ## - LIBRARY OF CONGRESS CALL NUMBER
Classification number QA76.9
Item number .G74 2013
100 ## - MAIN ENTRY--PERSONAL NAME
Personal name Gregory, Mark A.
245 ## - TITLE STATEMENT
Title Security and the networked society/
Statement of responsibility, etc. Mark A. & David Glance & Foreword by Margaret Gardner AO and Robyn Owens
260 ## - PUBLICATION, DISTRIBUTION, ETC. (IMPRINT)
Place of publication, distribution, etc. New York
Name of publisher, distributor, etc. Springer
Date of publication, distribution, etc. 2013
300 ## - PHYSICAL DESCRIPTION
Extent xvi, 297p.
700 ## - ADDED ENTRY--PERSONAL NAME
Personal name Glance, David
942 ## - ADDED ENTRY ELEMENTS (KOHA)
Source of classification or shelving scheme Library of Congress Classification
Koha item type General Collection
Holdings
Withdrawn status Lost status Source of classification or shelving scheme Not for loan Home library Current library Date acquired Cost, normal purchase price Inventory number Total Checkouts Full call number Barcode Date last seen Date last checked out Copy number Price effective from Koha item type
    Library of Congress Classification   Kabarak, Main Campus Kabarak, Main Campus 24/01/2023 7532.00 0623/2023 1 QA76.9 .G74 2013 C.1 029151 18/06/2024 28/05/2024 C.1 24/01/2023 General Collection
    Library of Congress Classification   Kabarak, Main Campus Kabarak, Main Campus 24/01/2023 7532.00 0622/2023   QA76.9 .G74 2013 C.2 029152 24/01/2023   C.2 24/01/2023 General Collection
    Library of Congress Classification   Kabarak, Main Campus Kabarak, Main Campus 24/01/2023 7532.00 0624/2023   QA76.9 .G74 2013 C.3 029153 24/01/2023   C.3 24/01/2023 General Collection